000 00832nam a22002657a 4500
001 BR6000697
003 BR-BrBNA
005 20241008082947.0
007 ta
008 230509b bl.||||| |||| 00| 0 por d
040 _aBR-BrBNA
_bpor
_cBiblioteca Nacional de Agricultura
041 _a(Por)
072 _aC10; E50
090 _a C10 BR6000697 OBR
_b2024-5620
110 1 _aSociedade Brasileira de Agronomia, Rio de Janeiro, GB (Brasil)
_99628
245 1 _aRelatorios apresentados pela Directoria a 1a. e 2a. Assembleias Gerais Ordinarias referentes aos periodos sociais de 1927-28 e 1928-29
260 3 _aRio de Janeiro, GB (Brasil):
_c1930.
300 _a42 p.
650 _aEnsino Agricola
650 _aAgronomia
650 _aRegulamentacao
650 _aAssociacao Rural
650 _aOcupacao
942 _cBK
_2AGRIS
999 _c57031
_d57031